My invented country : (Record no. 133668)

MARC details
000 -LEADER
fixed length control field 00776nam a22002297a 4500
005 - DATE AND TIME OF LATEST TRANSACTION
control field 20170124110213.0
010 ## - LIBRARY OF CONGRESS CONTROL NUMBER
LC control number B-078098
020 ## - INTERNATIONAL STANDARD BOOK NUMBER
Terms of availability 295.00
International Standard Book Number 8172235100
035 ## - SYSTEM CONTROL NUMBER
System control number B-078098
037 ## - SOURCE OF ACQUISITION
Source of stock number/acquisition Cen Lib/ Ret
040 ## - CATALOGING SOURCE
Original cataloging agency DPL
Language of cataloging EN
082 ## - DEWEY DECIMAL CLASSIFICATION NUMBER
Classification number 921
Item number ALL
100 ## - MAIN ENTRY--PERSONAL NAME
Personal name Allende, Isabel
9 (RLIN) 28593
245 ## - TITLE STATEMENT
Title My invented country :
Statement of responsibility, etc by Isabel Allende; translated by Margret Sayers Peden
Remainder of title a memoir /
260 ## - PUBLICATION, DISTRIBUTION, ETC. (IMPRINT)
Place of publication, distribution, etc New Delhi
Name of publisher, distributor, etc Harper Collins Publishers
Date of publication, distribution, etc 2003
270 ## - ADDRESS
City New Delhi
Address 1A hamilton house, connaught place
Postal code 110001
300 ## - PHYSICAL DESCRIPTION
Extent xv, 199p.
Dimensions 19cm(pbk)
650 ## - SUBJECT ADDED ENTRY--TOPICAL TERM
Topical term or geographic name as entry element Authors, Chilean -- 20th century -- Biography
9 (RLIN) 73232
650 ## - SUBJECT ADDED ENTRY--TOPICAL TERM
Topical term or geographic name as entry element Allende, Isabel
9 (RLIN) 73233
700 ## - ADDED ENTRY--PERSONAL NAME
Personal name Peden, Margret Sayers
9 (RLIN) 38576
942 ## - ADDED ENTRY ELEMENTS (KOHA)
Source of classification or shelving scheme Dewey Decimal Classification
Koha item type English Books
Classification part 921
Call number suffix ALL
Holdings
Withdrawn status Lost status Damaged status Not for loan Home library Current library Date acquired Source of acquisition Cost, normal purchase price Total Checkouts Full call number Barcode Date last seen Copy number Cost, replacement price Price effective from Koha item type
        Central Library Central Library 27/07/2015 Cen Lib/Ret 295.00   921 ALL B-078098 27/07/2015 1 295.00 27/07/2015 English Books

© Delhi Public Library
Hit Counter
free hit counter